The Way Things Work : An Illustrated Encyclopedia of Technology /

Enregistré dans:
Détails bibliographiques
Format: Livre
Langue:anglais
Publié: Nueva York, EUA : Simon and Schuster, fecha no identificada
Sujets:
Tags: Ajouter un tag
Pas de tags, Soyez le premier à ajouter un tag!

MARC

LEADER 00000nam^a2200000^a^4500
001 000395179
005 20250521000000.0
009 20260310121355.833
025 |a Donación Buena Prensa, 1 ejemplar (noviembre 2016) 
037 |a Acervo Xavier Clavigero 
041 |a ING 
082 |a 603.  |b WAY 
245 0 4 |a The Way Things Work :  |b An Illustrated Encyclopedia of Technology / 
264 1 |a Nueva York, EUA :  |b Simon and Schuster,  |c fecha no identificada 
300 |a 590 p. 
336 |a texto  |b txt  |2 rdacontenido 
337 |a sin mediación  |b n  |2 rdamedio 
338 |a volumen  |b nc  |2 rdasoporte 
500 |a Traducción de: Wie funktioniert das? 
649 |a XX 
650 |a Máquinas Herramientas -  |x Enciclopedias y Diccionarios 
650 |a Tecnología -  |x Enciclopedias y Diccionarios -  |x Tema Principal 
650 |a Enciclopedias y Diccionarios 
910 |a Fondo General 
920 |a Impresos - Libros 
930 |a Obras de Referencia 
905 |a 102 
901 |a 0500290459  |b IT2  |c REF  |i FXC D  |u 20250521 
902 |a https://opac.biblio.iteso.mx/vufind/Record/000395179